| 000 | 00823cam a22002415a 4500 | ||
|---|---|---|---|
| 008 | 161107s2008 enk frb 001 0 eng d | ||
| 020 | _a9780230000315 | ||
| 040 |
_aEG-ScBUE _beng _dEG-ScBUE |
||
| 082 | 0 | 4 |
_a320.014 _bNEG _222 |
| 100 | 1 | _aNegrine, Ralph M. | |
| 245 | 1 | 4 |
_aThe transformation of political communication : _bcontinuities and changes in media and politics / _cRalph M. Negrine. |
| 250 | _a1st ed. | ||
| 260 |
_aBasingstoke ; _aNew York : _bPalgrave Macmillan, _c2008. |
||
| 300 |
_axiv, 226 p. ; _c25 cm. |
||
| 500 | _aIndex : p. 220-226. | ||
| 504 | _aBibliography : p. 205-219. | ||
| 590 | _ashima ; revised by Fouad | ||
| 650 | 7 |
_aCommunication _xPolitical aspects. _2BUEsh _939383 |
|
| 650 | 7 |
_aCommunication in politics. _2BUEsh |
|
| 651 | _2BUEsh | ||
| 653 |
_bCOMAME _cNovember2016 |
||
| 942 | _2ddc | ||
| 999 |
_c23043 _d23015 |
||